बुद्ध या कार्ल मार्क्स / (Record no. 28244)

MARC details
000 -LEADER
fixed length control field 01230nam a22002777a 4500
005 - DATE AND TIME OF LATEST TRANSACTION
control field 2009071302472.0
008 - FIXED-LENGTH DATA ELEMENTS--GENERAL INFORMATION
fixed length control field 090713t xxu||||| |||| 00| 0 hin d
010 ## - LCCN (DPL NO)
LC control number HIN-87255
020 ## - INTERNATIONAL STANDARD BOOK NUMBER
Terms of availability 80.00
International Standard Book Number 9788187733805
035 ## - SYSTEM CONTROL NUMBER
System control number HN-59601
037 ## - SOURCE OF ACQUISITION
Source of stock number/acquisition DBAD / PUB
040 ## - CATALOGING SOURCE
Original cataloging agency dpl
Language of cataloging hn
082 ## - DEWEY DECIMAL CLASSIFICATION NUMBER
Classification number 250
100 ## - MAIN ENTRY--PERSONAL NAME
Personal name अम्बेडकर, बी.आर.
245 ## - TITLE STATEMENT
Title बुद्ध या कार्ल मार्क्स /
Statement of responsibility, etc बी.आर.अम्बेडकर
246 ## - VARYING FORM OF TITLE
Title proper/short title Budha Ya Karl Marks
Remainder of title by B. R. Ambedkar
260 ## - PUBLICATION, DISTRIBUTION, ETC. (IMPRINT)
Place of publication, distribution, etc दिल्ली
Name of publisher, distributor, etc गौतम बुक सेन्टर
Date of publication, distribution, etc 2009
270 ## - ADDRESS
Address चन्दन सदन सी-263-ए, गली नं.-9,हरदेवपुरी, शाहदरा
City दिल्ली
Postal code 110093
Telephone number 22810380, 65822074
300 ## - PHYSICAL DESCRIPTION
Extent 32पृ.
Dimensions 22सेमी (सजिल्द)
650 ## - SUBJECT ADDED ENTRY--TOPICAL TERM
Topical term or geographic name as entry element बौद्ध धर्म
650 ## - SUBJECT ADDED ENTRY--TOPICAL TERM
Topical term or geographic name as entry element Buddhism
650 ## - SUBJECT ADDED ENTRY--TOPICAL TERM
Topical term or geographic name as entry element मार्क्सवाद
650 ## - SUBJECT ADDED ENTRY--TOPICAL TERM
Topical term or geographic name as entry element Marxism
942 ## - ADDED ENTRY ELEMENTS (KOHA)
Source of classification or shelving scheme Dewey Decimal Classification
Item type Hindi Books
Call number suffix अम्बेड
Classification part 250
Holdings
Withdrawn status Lost status Source of classification or shelving scheme Damaged status Not for loan Home library Current library Date acquired Source of acquisition Cost, normal purchase price Total Checkouts Full call number Barcode Date last seen Copy number Cost, replacement price Koha item type
    Dewey Decimal Classification   Not For Loan D.B.Act.Division D.B.Act.Division 13/07/2009 DBAD / PUB 80.00   250 अम्बेड HN-59601 13/07/2009 1 80.00 Hindi Books

© Delhi Public Library
Hit Counter
free hit counter